000 00288nam a22001217a 4500
008 181129b xxu||||| |||| 00| 0 eng d
041 _aeng
080 _a043.3
100 _a0
101 _aBTH-SHJ
245 _aDallimi mes luftës Guerille dhe terrorizmit
_cSejdiu,A
942 _2udc
_cBK
999 _c52674
_d52674